យើងអាចបង្កើនផលិតផលកៅស៊ូធម្មជាតិនៅប្រទេសយើងអោយបានឆាប់រហ័សបំផុតតាមរបៀបណា (Record no. 183)
[ view plain ]
| 000 -LEADER | |
|---|---|
| fixed length control field | 00590nam a22001577a 4500 |
| 003 - CONTROL NUMBER IDENTIFIER | |
| control field | OSt |
| 005 - DATE AND TIME OF LATEST TRANSACTION | |
| control field | 20150910095914.0 |
| 008 - FIXED-LENGTH DATA ELEMENTS--GENERAL INFORMATION | |
| fixed length control field | 150910b xxu||||| |||| 00| 0 eng d |
| 040 ## - CATALOGING SOURCE | |
| Transcribing agency | RUA |
| 082 ## - DEWEY DECIMAL CLASSIFICATION NUMBER | |
| Classification number | AGR ទឹម 1994 B0010 Or.1 |
| 100 ## - MAIN ENTRY--PERSONAL NAME | |
| 9 (RLIN) | 204 |
| Personal name | ទឹម រូរក្ស |
| 245 ## - TITLE STATEMENT | |
| Title | យើងអាចបង្កើនផលិតផលកៅស៊ូធម្មជាតិនៅប្រទេសយើងអោយបានឆាប់រហ័សបំផុតតាមរបៀបណា |
| 260 ## - PUBLICATION, DISTRIBUTION, ETC. (IMPRINT) | |
| Place of publication, distribution, etc. | Phnom Penh |
| Name of publisher, distributor, etc. | RUA |
| Date of publication, distribution, etc. | 1994 |
| 300 ## - PHYSICAL DESCRIPTION | |
| Extent | 130p. |
| Other physical details | ill. |
| Dimensions | 29cm. |
| 942 ## - ADDED ENTRY ELEMENTS (KOHA) | |
| Source of classification or shelving scheme | |
| Koha item type | AGR |
| Price effective from | Date last seen | Permanent Location | Not for loan | Date acquired | Source of classification or shelving scheme | Koha item type | Barcode | Lost status | Damaged status | Shelving location | Withdrawn status | Current Location | Full call number |
|---|---|---|---|---|---|---|---|---|---|---|---|---|---|
| 2015-09-10 | 2015-09-10 | Library Block B | 2015-09-10 | AGR | RUA03296 | B010 | Library Block B | AGR ទឹម 1994 B010 Or.1 | |||||
| 2015-09-10 | 2015-09-10 | Library Block B | 2015-09-10 | AGR | RUA003512 | B010 | Library Block B | AGR ទឹម 1994 B010 Or.2 | |||||
| 2015-09-10 | 2015-09-10 | Library Block B | 2015-09-10 | AGR | RUA003368 | B010 | Library Block B | AGR ទឹម 1994 B010 Or.3 | |||||
| 2015-09-10 | 2015-09-10 | Library Block B | 2015-09-10 | AGR | RUA003155 | B010 | Library Block B | AGR ទឹម 1994 B010 Or.4 | |||||
| 2015-09-10 | 2015-09-10 | Library Block B | 2015-09-10 | AGR | RUA003084 | B010 | Library Block B | AGR ទឹម 1994 B010 Or.5 | |||||
| 2015-09-10 | 2015-09-10 | Library Block B | 2015-09-10 | AGR | RUA003011 | B010 | Library Block B | AGR ទឹម 1994 B010 Or.6 |